LEADER 01567nam a2200325 a 4500 001 000000125481 003 CaOOAMICUS 005 20110527094431.0 008 110527s2011 it u000 u ita r 020 $a978-88-13-30883-4 (v. 1 e 2) 040 $aPUL$bita 082 04$a346.45078 245 03$aLe procedure concorsuali /$ca cura diAntonio CAiafa ; coordinato da Stanislao De Matteis, Stefano Scarafoni ; presentazione di Giovanni Arieta. 260 $aPadova :$bCEDAM,$c©2011. 300 $a2 v. ;$c25 cm 504 $aInclude riferimenti bibliografici ed indice. 650 4$aFallimento (diritto).$0(OLS)http://pul/subject/17091 700 1 $aCaiafa, Antonio.$0(OLS)http://pul/name/79442 700 1 $aDe Matteis, Stanislao.$0(OLS)http://pul/name/79443 700 1 $aScarafoni, Stefano.$0(OLS)http://pul/name/79444 700 1 $aArieta, Giovanni.$0(OLS)http://pul/name/42650 850 $aPUL 852 $aPUL$W1$xSL Diritto e Scienze Sociali 3$y79$m346. 45078 CAIAN 1.1$j144522$av. 1$qDDC 21$B143550$CPULBib$Z2$F143550 $H117300 $82 852 $aPUL$W1$xSL Diritto e Scienze Sociali 3$y79$m346. 45078 CAIAN 1.2$j144523$av. 2$qDDC 21$B143551$CPULBib$Z2$F143551 $H117301 $82 941 1 $a9 996 $6020$a978-88-13-30883-4 (v. 1 e 2)$9(OLS)http://pul/number/147339 996 $6082$a346.45078$9(OLS)http://pul/classification/2026 996 $6245$aLe procedure concorsuali$9(OLS)http://pul/title/158229 996 $6260$aPadova :$bCEDAM$9(OLS)http://pul/publisher/48126 LEADER 01361nam a2200277 a 4500 001 000000155507 003 CaOOAMICUS 005 20161026112135.0 008 161026s1976 mau u000 u eng r 032 $aLibriCat 040 $aPUL$bita 100 1 $aKnapp, Robert Joseph.$0(OLS)http://pul/name/99035 245 14$aThe rite of Christian initiation of adults :$bits historical basis and theological and pastoral ramifications /$cRobert Joseph Knapp. 260 $aBoston :$b[s.n.],$c1976. 300 $aXII, 286 p. ;$c28 cm. 500 $aIn testa al front.: Pontificia Studiorum Universitas a S. Thoma Aq. in Urbe. 502 $aTesi -- Pontificiam Universitatem S. Thomae de Urbe, Facultate S. Theologiae, 1976. 504 $aBibliografia in nota. 650 4$aIniziazioni.$0(OLS)http://pul/subject/25267 710 2 $aPontificia Universitą S. Tommaso.$bFacoltą di teologia.$kTesi.$0(OLS)http://pul/name/81834 850 $aPUL 852 $aPUL$W1$xDP1 Tesi Pon. Univ. S. Tommaso$y44$mTH S.THOM TH576$j178660$qTesi$B181826$CPULBib$Z2$F181826 $H44057 $81 941 1 $a16 996 $6245$aThe rite of Christian initiation of adults :$bits historical basis and theological and pastoral ramifications$9(OLS)http://pul/title/195172 996 $6260$aBoston :$b[s.n.]$9(OLS)http://pul/publisher/63153